000 00691nam a2200265Ia 4500
001 28388
005 20240114001046.0
007 ta
008 060608s1998 g b000 u asm u
040 _aCotton College,Assam
041 _aasm
082 _a954
_bH 963 Uc
100 _aHussain, Tasaduque Amanul .
245 0 _aUcchatar Madhyamik Buranji /
_cTasaduque Amanul Hussain.
_hTextual Documents
250 _a1st ed. /
260 _aGuwahati :
_bBanalata ,
_c1998.
300 _a251p. ;
_c22cm.
500 _aFor H.S. Second Year
653 _aHistory
653 _aG-History
942 _2ddc
_cBK
999 _c28370
_d28370